000 00587nam a2200205Ii 4500
001 12140
003 CO-ViMGA
008 241108s9999||||xx |||||||||||||| ||und||
040 _aCO-ViMGA
_bspa
_erda
_cCO-ViMGA
041 0 _aspa
082 0 4 _a324.2861 S15a
100 1 _aFrancisco de Paula Santander
_946949
245 1 0 _aAntología política
264 1 _aBogotá, Colombia : Bogotana, 1981
300 _avolumen
336 _atext
_btxt
_2rdacontent
337 _aunmediated
_bn
_2rdamedia
338 _avolume
_bnc
_2rdacarrier
940 _aidficha_siabuc: 11850. -- ficha_no_siabuc:12140
999 _c41528
_d41528